A house is a house for me / (Record no. 6572)

MARC details
000 -LEADER
fixed length control field 00905nam a22003017a 4500
001 - CONTROL NUMBER
control field 6572
003 - CONTROL NUMBER IDENTIFIER
control field FISKH
005 - DATE AND TIME OF LATEST TRANSACTION
control field 20250820094232.0
008 - FIXED-LENGTH DATA ELEMENTS--GENERAL INFORMATION
fixed length control field 250512b cb ||||| |||| 00| 0 eng d
020 ## - INTERNATIONAL STANDARD BOOK NUMBER
International Standard Book Number 0590453068
040 ## - CATALOGING SOURCE
Original cataloging agency FISKH
Language of cataloging eng
Transcribing agency FISKH
Modifying agency FISKH
050 ## - LIBRARY OF CONGRESS CALL NUMBER
Classification number PZ8.H66 H
082 ## - DEWEY DECIMAL CLASSIFICATION NUMBER
Classification number 811
100 ## - MAIN ENTRY--PERSONAL NAME
Personal name Hoberman, Ann Mary
Dates associated with a name (1930–2023)
245 ## - TITLE STATEMENT
Title A house is a house for me /
Statement of responsibility, etc. Mary Ann Hoberman ; Illustrated by Betty Fraser
250 ## - EDITION STATEMENT
Edition statement This edition first published in 1978
260 ## - PUBLICATION, DISTRIBUTION, ETC.
Place of publication, distribution, etc. New York :
Name of publisher, distributor, etc. Scholastic,
Date of publication, distribution, etc. 1978
300 ## - PHYSICAL DESCRIPTION
Extent 44 pages :
Other physical details color illustrations ;
Dimensions 28 cm
505 ## - FORMATTED CONTENTS NOTE
Formatted contents note G<br/>
520 ## - SUMMARY, ETC.
Summary, etc. Lists in rhyme the dwellings of various animals and things.<br/>
521 8# - TARGET AUDIENCE NOTE
Target audience note 410<br/>
Source Lexile<br/>
521 8# - TARGET AUDIENCE NOTE
Target audience note G<br/>
Source Raz-Plus<br/>
650 ## - SUBJECT ADDED ENTRY--TOPICAL TERM
Source of heading or term Habitats
Topical term or geographic name entry element Home
650 ## - SUBJECT ADDED ENTRY--TOPICAL TERM
Source of heading or term Rhyming
Topical term or geographic name entry element Repetition
700 ## - ADDED ENTRY--PERSONAL NAME
Personal name Fraser, Betty
Dates associated with a name illustrator
942 ## - ADDED ENTRY ELEMENTS (KOHA)
Source of classification or shelving scheme Dewey Decimal Classification
Koha item type Books
Suppress in OPAC No
Holdings
Withdrawn status Lost status Source of classification or shelving scheme Damaged status Not for loan Collection Home library Current library Shelving location Date acquired Total Checkouts Full call number Barcode Date last seen Copy number Price effective from Koha item type
    Dewey Decimal Classification     Juvenile Fiction Footprints International School Library Network Toul Kork Campus Footprints International School Library Network Toul Kork Campus TK Primary Library Room(4th Floor), Bookcase 1&2, Shelves 1-16, Dark Blue Books 05/30/2025   HOB 811 PZ8.H66 H FISTK00991 05/30/2025 2 05/30/2025 Books
    Dewey Decimal Classification     Juvenile Fiction Footprints International School Library Network Toul Tom Poung Campus Footprints International School Library Network Toul Tom Poung Campus TTP Primary Dark Blue Bookshelves 05/12/2025   HOB 811 PZ8.H66 H 2025-1257 05/12/2025 1 05/12/2025 Books
    Dewey Decimal Classification     Juvenile Fiction Footprints International School Library Network Toul Tom Poung Campus Footprints International School Library Network Toul Tom Poung Campus TTP Primary Dark Blue Bookshelves 07/28/2025   HOB 811 PZ8.H66 H FISBK01771 07/28/2025 3 07/28/2025 Books
    Dewey Decimal Classification     Juvenile Fiction Footprints International School Library Network Toul Tom Poung Campus Footprints International School Library Network Toul Tom Poung Campus TTP Primary Dark Blue Bookshelves 08/20/2025   HOB 811 PZ8.H66 H FISBK01772 08/20/2025 4 08/20/2025 Books